「さんずい」の漢字がつく市町村 - Statistics

General Stats
  • This quiz has been taken 427 times
    346 since last reset
  • The average score is 107 of 267
Answer Stats
都道府県 市町村 % Correct
神奈川県 横浜市
79%
滋賀県 大津市
77%
三重県 津市
74%
江戸川区
70%
上川郡(十勝) | 駿東郡 清水町
69%
群馬県 沼田市
69%
静岡市 浜松市
69%
江東区
66%
中川郡(十勝) | 今立郡 | 北安曇郡 | 揖斐郡 池田町
65%
酒田市
64%
新潟県 新潟市
64%
大阪府 池田市
64%
浦河郡 浦河町
63%
三浦市
63%
草津市
63%
標津町
62%
沼津市
61%
標津郡 中標津町
60%
浦安市
60%
東京都 港区
60%
魚沼市
60%
福井県 小浜市
60%
浜田市
60%
南魚沼市
59%
福島県 会津若松市
56%
石川県 金沢市
56%
滝川市
55%
青森県 三沢市
55%
秋田県 湯沢市
55%
勝浦市
55%
渋谷区
55%
藤沢市
55%
珠洲市
55%
海津市
55%
中津川市
54%
湖西市
54%
湖南市
54%
和歌山県 海南市
54%
沖縄市
54%
愛甲郡 清川村
53%
愛知県 瀬戸市
53%
鳥取県 境港市
53%
島根県 松江市
53%
深川市
52%
宮城県 気仙沼市
52%
吾妻郡 草津町
52%
富山県 魚津市
52%
滑川市
52%
三方郡 | 日高郡 美浜町
52%
足柄下郡 湯河原町
51%
岡山県 津山市
51%
江別市
50%
岩手県 大船渡市
50%
千葉県 木更津市
50%
君津市
50%
富津市
50%
南魚沼郡 湯沢町
50%
高浜市
50%
長浜市
50%
河内長野市
50%
瀬戸内市
50%
愛媛県 今治市
50%
雨竜郡 沼田町
49%
枝幸郡 浜頓別町
49%
双葉郡 浪江町
49%
熱海市
49%
東海市
49%
江津市
49%
上北郡 横浜町
48%
南秋田郡 八郎潟町
48%
山形県 米沢市
48%
海老名市
48%
古宇郡 | 国後郡 泊村
47%
新十津川町
47%
洞爺湖町
47%
十勝郡 浦幌町
47%
大潟村
47%
河沼郡 会津坂下町
47%
清瀬市
47%
新居浜市
47%
大分県 中津市
47%
紫波郡 紫波町
46%
南会津郡 南会津町
46%
富士河口湖町
46%
津島市
46%
東近江市
46%
高知県 土佐清水市
46%
厚岸郡 浜中町
45%
滝沢市
45%
潟上市
45%
大沼郡 会津美里町
45%
渋川市
45%
美濃市
45%
美濃加茂市
45%
江南市
45%
野洲市
45%
丹波市
45%
大島郡 瀬戸内町
45%
茨城県 土浦市
44%
鯖江市
44%
丹波篠山市
44%
野付郡 別海町
43%
寒河江市
43%
白河市
43%
砺波市
43%
近江八幡市
43%
浦添市
43%
檜山郡 江差町
42%
小清水町
42%
那珂郡 東海村
42%
河内町
42%
綾瀬市
42%
京都府 宇治市
42%
十津川村
42%
北海道 岩見沢市
41%
佐渡市
41%
大飯郡 高浜町
41%
船井郡 京丹波町
41%
長崎県 松浦市
41%
耶麻郡 西会津町
40%
潮来市
40%
東茨城郡 大洗町
40%
西魚沼郡 津南町
40%
岐阜県 多治見市
40%
宮津市
40%
木津川市
40%
兵庫県 洲本市
40%
西海市
40%
斜里郡 清里町
39%
尾花沢市
39%
山梨県 南都留郡 山中湖村
39%
常滑市
39%
勝浦郡 勝浦町
39%
大洲市
39%
沖縄県 宜野湾市
39%
石狩郡 新篠津村
38%
深浦町
38%
栃木県 鹿沼市
38%
深谷市
38%
流山市
38%
印旛郡 酒々井町
38%
焼津市
38%
東牟婁郡 那智勝浦町
38%
広島県 江田島市
38%
網走郡 津別町
37%
紋別郡 湧別町
37%
清須市
37%
南牟婁郡 御浜町
37%
仲多度郡 多度津町
37%
八幡浜市
37%
熊本県 菊池市
37%
樺戸郡 浦臼町
36%
虻田郡 豊浦町
36%
西津軽郡 鯵ヶ沢町
36%
下北郡 風間浦村
36%
九戸郡 洋野町
36%
宮城郡 七ヶ浜町
36%
古河市
36%
八潮市
36%
比企郡 滑川町
36%
袖ケ浦市
36%
岩船郡 粟島浦村
36%
稲沢市
36%
美方郡 新温泉町
36%
東温市
36%
佐賀県 唐津市
36%
北津軽郡 中泊町
35%
稲敷郡 美浦村
35%
埼玉県 所沢市
35%
神津島村
35%
河北郡 内灘町
35%
賀茂郡 河津町
35%
淡路市
35%
西牟婁郡 白浜町
35%
香川県 綾歌郡 宇多津町
35%
東津軽郡 外ヶ浜町
34%
柴田郡 大河原町
34%
西村山郡 河北町
34%
河北郡 津幡町
34%
徳島県 阿波市
34%
糸満市
34%
北佐久郡 軽井沢町
33%
瑞浪市
33%
菊池郡 大津町
33%
中川郡(天塩) 美深町
32%
長瀞町
32%
下高井郡 野沢温泉村
32%
岩沼市
31%
鴻巣市
31%
秩父郡 横瀬町
31%
摂津市
31%
南河内郡 河南町
31%
東伯郡 湯梨浜町
31%
隠岐郡 海士町
31%
安芸郡 海田町
31%
海陽町
31%
大江町
30%
津久見市
30%
夕張郡 長沼町
29%
滝上町
29%
遠田郡 涌谷町
28%
雄勝郡 東成瀬村
28%
狛江市
28%
泉大津市
28%
西伯郡 日吉津村
28%
東松浦郡 玄海町
28%
厚沢部町
27%
湯川村
27%
木曽郡 王滝村
27%
知多郡 東浦町
27%
柳津町
26%
塩谷郡 高根沢町
26%
北都留郡 丹波山村
26%
長野県 南佐久郡 小海町
26%
綴喜郡 宇治田原町
26%
鹿足郡 津和野町
26%
安芸郡 東洋町
26%
福岡県 福津市
26%
鹿児島県 姶良郡 湧水町
26%
石川郡 浅川町
25%
蟹江町
25%
浅口市
25%
幡多郡 黒潮町
25%
鳴沢村
24%
葦北郡 津奈木町
24%
有田郡 湯浅町
23%
西彼杵郡 時津町
23%
海部郡 大治町
22%
東彼杵郡 波佐見町
22%
和泊町
22%
島尻郡 渡嘉敷村
22%
空知郡 奈井江町
21%
多野郡 神流町
21%
長生郡 睦沢町
21%
神崎郡 神河町
21%
黒滝村
21%
杵島郡 江北町
21%
肝属郡 錦江町
21%
渡名喜村
21%
最上郡 戸沢村
20%
琴浦町
20%
球磨郡 湯前町
20%
加茂郡 八百津町
19%
三井郡 大刀洗町
19%
国頭郡 伊江村
19%
上川郡(天塩) 剣淵町
18%
吾川郡 仁淀川町
18%
田川郡 添田町
18%
奈良県 山辺郡 山添村
17%
玉名郡 長洲町
17%
名東郡 佐那河内村
16%
海部郡 美波町
16%
日野郡 江府町
15%
高岡郡 津野町
15%
宮崎県 西彼杵郡 五ヶ瀬町
15%
北葛城郡 河合町
14%
吉野郡 大淀町
12%
八重瀬町
12%
山江村
11%
上水内郡 信濃町
10%
No matching quizzes found
Score Distribution
Percent of People with Each Score
Percentile by Number Answered
Your Score History
You have not taken this quiz since the last reset